Reinforced concrete regulations. London County Council (General Powers) Acts 1909 and 1926. Reinforced concrete construction (Record no. 102074)

MARC details
000 -LEADER
fixed length control field 00839cam a2200253 4500
001 - CONTROL NUMBER
control field J117997
008 - FIXED-LENGTH DATA ELEMENTS--GENERAL INFORMATION
fixed length control field 020516n1935 000 0 eng u
035 ## - SYSTEM CONTROL NUMBER
System control number (Sirsi) u117997
050 ## - LIBRARY OF CONGRESS CALL NUMBER
Classification number 692.209421
110 ## - MAIN ENTRY--CORPORATE NAME
Corporate name or jurisdiction name as entry element London County Council
9 (RLIN) 1711
245 ## - TITLE STATEMENT
Title Reinforced concrete regulations. London County Council (General Powers) Acts 1909 and 1926. Reinforced concrete construction
260 ## - PUBLICATION, DISTRIBUTION, ETC.
Place of publication, distribution, etc. London
Name of publisher, distributor, etc. LCC
Date of publication, distribution, etc. 1935
300 ## - PHYSICAL DESCRIPTION
Extent 1p.
Dimensions 33cm.
350 ## - PRICE (NR) (BK AM CF MU VM SE) [OBSOLETE]
Price 1d.
490 ## - SERIES STATEMENT
Volume/sequential designation 2524
650 ## - SUBJECT ADDED ENTRY--TOPICAL TERM
Topical term or geographic name entry element BUILDING REGULATIONS
9 (RLIN) 6224
650 ## - SUBJECT ADDED ENTRY--TOPICAL TERM
Topical term or geographic name entry element LONDON BUILDING ACTS
650 ## - SUBJECT ADDED ENTRY--TOPICAL TERM
Topical term or geographic name entry element LONDON COUNTY COUNCIL (GENERAL POWERS) ACT 1909
650 ## - SUBJECT ADDED ENTRY--TOPICAL TERM
Topical term or geographic name entry element LONDON COUNTY COUNCIL (GENERAL POWERS) ACT 1926
650 ## - SUBJECT ADDED ENTRY--TOPICAL TERM
Topical term or geographic name entry element REINFORCED CONCRETE
650 ## - SUBJECT ADDED ENTRY--TOPICAL TERM
Topical term or geographic name entry element REINFORCED CONCRETE REGULATIONS
690 ## - LOCAL SUBJECT ADDED ENTRY--TOPICAL TERM (OCLC, RLIN)
Topical term or geographic name as entry element BUILT ENVIRONMENT-BUILDING STANDARDS
942 ## - ADDED ENTRY ELEMENTS (KOHA)
Suppress in OPAC 0
Holdings
Withdrawn status Lost status Source of classification or shelving scheme Damaged status Not for loan Home library Current library Shelving location Date acquired Total Checkouts Full call number Barcode Date last seen Copy number Price effective from Koha item type
    Dewey Decimal Classification     London London Basement 16/05/2002   SHELF 326 30065776 06/08/2019 1 06/08/2019 Reference material